Responses for Show #2569 - Thursday, November 2, 1995

Contestants

[<< previous game]

Tim Adams, a Navy pilot originally from Mankato, Minnesota

Kathy Morrill, an art teacher from Glen Rock, New Jersey

Ed Stewart, a Roman Catholic priest from Brooklyn, New York (whose 1-day cash winnings total $4,300)

[next game >>]

Jeopardy! Round responses

ANIMALS
ENTERTAINMENT 1994
AMERICAN HISTORY
NEWSPAPERS
PROVERBS
"Q" ON THE MAP
    $100 1
tortoises (turtles)

Ed
    $100 5
Woodstock

Kathy
    $100 7
the gold standard

Kathy
    $100 19
The New York Times

Ed
    $100 26
the pen

Tim
    $100 10
Quebec

Kathy
    $200 2
blubber

Ed
    $200 6
(Ed: What is Pocahontas?)

Beauty and the Beast

EdTim
    $200 12
Georgia

Ed
    $200 22
Puerto Rico

Tim
    $200 27
willing

Tim
    $200 15
Quito

Tim
    $300 3
(bluish) gray

Triple Stumper
    $300 8
Whoopi Goldberg

Kathy
    $300 13
Sing Sing

Ed
    $300 23
Nashville

Tim
    $300 28
(Tim: Deaf man.)
(Alex: No.)
(Tim: Husband.)

a deaf husband

KathyTim
    $300 16
Quincy (Massachusetts)

Ed
    $400 4
flamingo

Kathy
    $400 9
the Eagles

Tim
    $400 14
the SLA (the Symbionese Liberation Army)

Tim
    $400 24
the Times Picayune

Kathy
    $400 29
a hand

Tim
    $400 18
Qatar

Kathy
    $500 17
orangutans

Tim
    $500 11
(Tim: Who is Tom Brokaw?)

Greg Kinnear

Tim
Triple Stumper
    $500 20
Shays' Rebellion

Ed
    $500 25
The Washington Post

Kathy
    $500 30
garbage out

Tim
    $500 21
Quantico

Kathy

Scores at the first commercial break (after clue 15):

Ed Kathy Tim
$600 $1,000 $700

Scores at the end of the Jeopardy! Round:

Ed Kathy Tim
$1,500 $3,100 $2,600

Double Jeopardy! Round responses

WORLD GEOGRAPHY
BIOGRAPHIES
THE BODY HUMAN
CONGRESSIONAL LANGUAGE
AWARDS
NIKITA KHRUSHCHEV
    $200 1
Lapland

Ed
    $200 7
Marilyn Monroe

Kathy
    $200 26
(Alex: We have a minute to go.)

the diaphragm

Ed
    $200 6
a bill

Ed
    $200 12
Queen Victoria

Tim
    $200 17
Cuba

Tim
    $400 2
the Himalayas

Tim
    $400 8
Eleanor Roosevelt

Tim
    $400 30
the liver

Kathy
    $400 22
a committee

Tim
    $400 13
an apple

Kathy
    $400 18
Stalin

Kathy
    $600 3
Spain

Tim
    $600 9
Lincoln

Ed
    $600 29
(Tim: What is [**]?)
(Alex: No. We'll accept that? All right. [*] is what we were going for.)

the alimentary canal (the digestive tract)

Tim
    $600 23
a quorum

Kathy
    $600 14
Gypsy

Ed
    $600 19
(Ed: Who is Sadat?)

Nasser

EdKathy
    $800 4
Alberta

Kathy
    $800 10
Machiavelli

Ed
    $800 28
the follicle

Ed
    $800 24
(Tim: What is the president pro tem?)

President of the Senate (Mr. President)

KathyTim
    $800 15
Tai Babilonia

Kathy
    $800 20
the Great Leap Forward

Tim
    $1000 5
Dakar

Tim
    $1,300 11
(Ed: Who was... Edna Ferber?)

Clare Boothe Luce

Ed
    $1000 27
(Tim: What is the synapse?)

the axon

Tim
Triple Stumper
    $1000 25
a resolution

Tim
    $1000 16
(Kathy: What is Amnesty International?)

the International Red Cross

KathyTim
    $2,000 21
Brezhnev

Tim

Scores at the end of the Double Jeopardy! Round:

Ed Kathy Tim
$3,000 $7,100 $9,400

[wagering suggestions for these scores]

Final Jeopardy! Round responses

NUCLEAR ENERGY
EdWhat is France?
$0
KathyWhat is France?
$1,000
TimWhat R France
$5,000
France

Final scores:

Ed Kathy Tim
$3,000 $8,100 $14,400
3rd place: Outdoor sports & travel gear + GameTek Jeopardy! 2nd place: Stanley baker's rack & Aiwa digital mini system + GameTek Jeopardy! New champion: $14,400

Game dynamics:

Coryat scores:

Ed Kathy Tim
$4,300 $7,100 $8,400
14 R,
3 W
(including 1 DD)
19 R
(including 1 DD),
1 W
23 R
(including 1 DD),
4 W

Combined Coryat: $19,800

[game clues] [game scores] [suggest correction]

Game tape date: Unknown
The J! Archive is created by fans, for fans. Scraping, republication, monetization, and malicious use prohibited; this site may use cookies and collect identifying information. See terms. The Jeopardy! game show and all elements thereof, including but not limited to copyright and trademark thereto, are the property of Jeopardy Productions, Inc. and are protected under law. This website is not affiliated with, sponsored by, or operated by Jeopardy Productions, Inc. Join the discussion at JBoard.tv.